000 00790cam a22002055a 4500
001 ##J100639
008 000000s1895 000 0 eng u
035 _a(Sirsi) u100639
041 0 _aeng
050 0 4 _a333.0062 $2 18
110 2 _aSurveyors' Institution
_93783
245 0 0 _aRules of examination, qualifying land agents in Ireland for admission to membership of the Institution, September 1895
260 _a[S.l.]
_b[s.n.]
_c1895
300 _a8p.
_c22cm.
520 _aPresents the rules and procedures for preliminary, professional, professional associates and fellowship examinations.
651 4 _aGreat Britain
_y1707-
690 _aCAREERS, EDUCATION AND TRAINING-QUALIFICATION ROUTES
710 2 _aSurveyors' Institution
_bIrish Land Agents' Committee
_93784
942 _n0
999 _c99729
_d99729